[Event "Baden-ch 94th"]
[Site "Forst"]
[Date "2022.10.02"]
[Round "4"]
[White "Thiercelin, Jerome"]
[Black "Nass, Maximilian"]
[Result "1-0"]
[WhiteElo "2043"]
[BlackElo "2018"]
[PlyCount "71"]
[EventDate "2022.09.30"]
[EventType "swiss"]
[EventRounds "7"]
[EventCountry "GER"]
[SourceTitle "CBM 210 Extra"]
[Source "ChessBase"]
[SourceDate "2022.11.30"]
[SourceVersion "1"]
[SourceVersionDate "2022.11.30"]
[SourceQuality "1"]

1. d4 Nf6 2. c4 e6 3. Nc3 Bb4 4. Qc2 d5 5. a3 Bxc3+ 6. Qxc3 0-0 7. Nf3 Nbd7 8. Bg5 b6 9. e3 h6 10. Bh4 g5 11. Bg3 Ne4 12. Qc2 c5 13. cxd5 exd5 14. dxc5 Ndxc5 15. Be2 Bf5 16. Qd1 Qf6 17. Be5 Qe7 18. Bd4 g4 19. Ne5 h5 20. 0-0 f6 21. Bxc5 Qxc5 22. Rc1 Qd6 23. Nc6 Kg7 24. Nd4 Bd7 25. f3 gxf3 26. Bxf3 Qe5 27. Bxe4 dxe4 28. Rc2 Bg4 29. Qe1 Rac8 30. Rcf2 Kh7 31. Rf4 Rc4 32. Qh4 Rxd4 33. Rxg4 Rd2 34. Rxe4 Qc5 35. b4 Qd6 36. Qxh5+ 1-0

[Event "Baden-ch 94th"]
[Site "Forst"]
[Date "2022.09.30"]
[Round "1"]
[White "Nass, Maximilian"]
[Black "Dobrikov, Marco"]
[Result "1-0"]
[WhiteElo "2018"]
[BlackElo "2214"]
[PlyCount "97"]
[EventDate "2022.09.30"]
[EventType "swiss"]
[EventRounds "7"]
[EventCountry "GER"]
[SourceTitle "CBM 210 Extra"]
[Source "ChessBase"]
[SourceDate "2022.11.30"]
[SourceVersion "1"]
[SourceVersionDate "2022.11.30"]
[SourceQuality "1"]

1. Nf3 g6 2. e4 Bg7 3. d4 d6 4. Bd3 e5 5. dxe5 dxe5 6. 0-0 Ne7 7. b4 0-0 8. Bb2 Nbc6 9. b5 Nd4 10. Nxd4 exd4 11. f4 f5 12. Bc4+ Kh8 13. e5 c5 14. bxc6 Nxc6 15. Ba3 Re8 16. Bf7 Be6 17. Bxe8 Qxe8 18. Nd2 Rd8 19. Nf3 Bc4 20. Rf2 Bh6 21. g3 Bf8 22. Bxf8 Qxf8 23. Rd2 Qc5 24. Qe1 Bd5 25. Qf2 Qc3 26. Rf1 Bxa2 27. Rfd1 a5 28. Nxd4 Nxd4 29. Rxd4 Rg8 30. Rd8 Be6 31. Rxg8+ Kxg8 32. Qd2 Qc5+ 33. Qf2 Qc3 34. Rd6 Kf7 35. Kg2 a4 36. Qb6 Qxc2+ 37. Kh3 Qc8 38. Rd8 Qc6 39. Qb4 Bd7 40. Qf8+ Ke6 41. Qg8+ Ke7 42. Qf8+ Ke6 43. Qf6+ Kd5 44. Qf7+ Kc5 45. Rxd7 Qf3 46. Qe7+ Kc4 47. Rc7+ Kb3 48. Qe6+ Kb2 49. Qc4 1-0